Życie Anny Walentynowicz

Titel: Życie Anny Walentynowicz / Tomasz Jatrun
Verfasser:
Ausgabe: Wyd. 2
Veröffentlicht: Warszawa : Wydawn. MTJ, 2011
Umfang: 170 S.
Format: Buch
Sprache: Polnisch
Schlagworte:
ISBN: 9788376991108
Buchumschlag
X
Lokale Klassifikation: 2 W 1192
alg: 26136718
001A    $03004:18-05-11 
001B    $03025:28-03-26 $t14:37:27.000 
001C    $03004:29-08-11 $t08:26:16.000 
001D    $03004:29-08-11 
001U    $0utf8 
001X    $00 
002@    $0Aau 
003@    $0261367188 
004A    $A978-83-7699-110-8 
007A    $0261367188 $aHEB 
007G    $0DE0202B42D5858F354482C12578FC002EA517 
007T    $0Herdhh261367188 
009P    $qapplication/pdf $A2 $3Inhaltsverzeichnis $uhttp://scans.hebis.de/HEBCGI/show.pl?26136718_toc.pdf $mV:DE-603;B:DE-Mb50 
010@    $apol 
011@    $a2011 
021A    $aŻycie Anny Walentynowicz $hTomasz Jatrun 
028A    $#Te Jot $#Smecz $71035800160 $8Jastrun, Tomasz$Z1950- [Tp1] $9322687314 
032@    $aWyd. 2 
033A    $pWarszawa $nWydawn. MTJ 
034D    $a170 S. 
044K    $#Lubczyk, Anna $#Valentynovič, Hanna $#Valentynovič, Anna $#Valentynovich, Hanna $#Valentynovich, Anna $#Валентыновіч, Ганна $#Валентынович, Анна $7119251760 $8Walentynowicz, Anna$Z1929-2010 [Tp1] $9087591650 
045G    $a909 $eDDC23BSB 
045G/01 $a909 
045G/03 $f0904 
045G/03 $g438 
045G/03 $g4807 

lok: 26136718 24
101B    $029-08-11 $t08:26:16.000 
101C    $018-05-11 
101U    $0utf8 
145Z/01 $a2 W 1192 

exp: 26136718 24 1 #EPN
201B/01 $030-08-11 $t07:10:42.000 
201C/01 $018-05-11 
201U/01 $0utf8 
203@/01 $0620547847 
208@/01 $a29-08-11 $bz 
209A/01 $a11.06175 $du $f050 $h11 06175 $x00 
209C/01 $a11.06175 K $h11 06175 K 
209G/01 $a72861469 $x00 
220C/01 $anie 
244Z/01 $#Lubczyk, Anna $#Valentynovič, Hanna $#Valentynovič, Anna $#Valentynovich, Hanna $#Valentynovich, Anna $#Валентыновіч, Ганна $#Валентынович, Анна $7119251760 $8--Tp1--Walentynowicz, Anna$Z1929-2010 $x01 $9087591650 
247C/01 $8358050-7 Marburg, Bibliothek des Herder-Instituts Marburg $9102600961 

lok: 26136718 78

exp: 26136718 78 1 #EPN
201B/01 $017-05-19 $t10:39:23.000 
201U/01 $0utf8 
203@/01 $0793636930 
208@/01 $a12-11-16 $be 
209A/01 $a/ $f000 $x00 
237A/01 $aweiterführende Signatur(en): Herder-Institut: 11.06175 
244Z/01 $2Trx $#Poola $#Lenkija $#Polija $#Polen Land $#Poland $#Lengyelország $#Poľsko $#Polsko $8--Trx--Polska$gkraj $x01 $9391345966 
244Z/01 $2Trx $8--Trx--Monographie $x02 $9391384546 
244Z/01 $#Preußen $#Preußen $#Brandenburg-Preußen $#Königreich Preußen $#Preußische Staaten $#Preußischer Staat $#Der @Preußische Staat $#Königlich Preußische Staaten $#Prusy Królewskie $#Königlich Preußen $#Prussia $74047194-9 $8--Tg1--Preußen $x03 $9085131652 
245Z/01 $a07.04 $x01 
247C/01 $82080>Marburg/Lahn, Herder-Institut, Forschungsbibliothek, Bibliographieportal $9336309341
LEADER 00000cam a2200000 c 4500
001 261367188
003 DE-603
005 20260328143727.0
007 tu
008 110518s2011 xx |||| | u00||u|pol c
020 |a 9788376991108 
035 |a (DE-599)HEB261367188 
040 |a DE-603  |b ger  |c DE-603  |d DE-603 
041 |a pol 
083 0 |8 1\u  |a 909  |q DE-101  |2 23/BSB 
085 |8 1\u  |b 909 
085 |8 1\u  |z 1  |s 0904 
085 |8 1\u  |z 2  |s 438 
085 |8 1\u  |z 2  |s 4807 
100 1 |a Jastrun, Tomasz  |d 1950-  |0 (DE-603)322687314  |0 (DE-588)1035800160  |2 gnd 
245 0 0 |a Życie Anny Walentynowicz  |c Tomasz Jatrun 
250 |a Wyd. 2 
264 1 |a Warszawa  |b Wydawn. MTJ  |c 2011 
300 |a 170 S. 
600 1 7 |a Walentynowicz, Anna  |d 1929-2010  |0 (DE-588)119251760  |0 (DE-603)087591650  |2 gnd 
856 4 2 |m V:DE-603;B:DE-Mb50  |q application/pdf  |u http://scans.hebis.de/HEBCGI/show.pl?26136718_toc.pdf  |3 Inhaltsverzeichnis 
924 0 |9 Mb 50  |a (DE-603)620547847  |b DE-Mb50  |c HES  |d c  |g 11.06175 
924 0 |9 2080  |a (DE-603)793636930  |b DE-2080  |c HES  |d d  |g /